000 00670nam a2200217 a 4500
001 73401
003 BD-RjUL
005 20211209082406.0
008 170531s1992 bg |||| |||| 00| 0 eng d
035 _a(BD-RjUL)73619
040 _aBD-RjUL
_beng
_cBD-RjUL
_dBD-RjUL
041 _aeng
082 _223
_a920.05492
_bJAA 1992
100 _aJahan-Ara, Begum
_9217117
245 _aAyonangsho :
_bA Fragment of a Journey /
_cBegum Jahan-Ara ; translated by Bela Dutt Gupta.
260 _aDhaka :
_bTaran Publishers,
_c1992.
300 _a152 P. ;
_c22 cm
650 _aBiography
_vBangladesh
_9217118
700 _a translated by Gupta, Bela Dutt
_9217119
942 _2ddc
_cBK
999 _c73401
_d73401